| 000 | 00489nam a2200181Ia 4500 | ||
|---|---|---|---|
| 003 | GCL | ||
| 008 | 140319s9999 xx 000 0 eng d | ||
| 040 |
_aGCL / _cGCL |
||
| 082 | 0 | 4 |
_a305.4 _bN W |
| 100 | 1 | _aNORRIS, PIPPA | |
| 245 | 1 | 0 |
_aWOMEN, MEDIA AND POLITICS / _cNORRIS, PIPPA |
| 260 |
_a[S.N] : _bOXFORD UNIVERSITY PRESS ، _c1997 |
||
| 300 | _a269 P | ||
| 650 | 0 | 4 | _aSOCIAL SCIENCE |
| 650 | 0 | 4 | _aUNITED STATES - WOMEN |
| 650 | 0 | 4 | _aMASS MEDIA AND WOMEN - U.S.A |
| 942 |
_2ddc _cBK |
||
| 999 |
_c13759 _d13759 |
||